[Event "Mumbai Wealth U2050 op 5th"]
[Site "Mumbai"]
[Date "2020.01.02"]
[Round "1"]
[White "Bhagyashree, Patil"]
[Black "Chavan, Pratap"]
[Result "1-0"]
[WhiteElo "2005"]
[BlackElo "1236"]
[PlyCount "75"]
[EventDate "2020.01.02"]
[EventType "swiss"]
[EventRounds "9"]
[EventCountry "IND"]
[SourceTitle "CBM 194 Extra"]
[Source "ChessBase"]
[SourceDate "2020.03.31"]
[SourceVersion "1"]
[SourceVersionDate "2020.03.31"]
[SourceQuality "1"]

1. e4 d6 2. d4 g6 3. Nf3 Bg7 4. Bc4 h6 5. Nc3 e6 6. Be3 Ne7 7. Qd2 Nd7 8. a4 Nb6 9. Bb3 c6 10. a5 Nd7 11. Ne2 d5 12. e5 Nf5 13. c3 Qe7 14. Bc2 Nf8 15. h4 Nxe3 16. Qxe3 Nh7 17. h5 g5 18. Nh2 Bd7 19. Ng4 0-0-0 20. 0-0 Rdf8 21. Ng3 f5 22. exf6 Nxf6 23. Ne5 Be8 24. Bg6 Rhg8 25. Bxe8 Rxe8 26. a6 b6 27. Nxc6 Qc7 28. Ne5 Rgf8 29. Rfc1 b5 30. b3 Kb8 31. c4 dxc4 32. bxc4 Qb6 33. Rcb1 b4 34. Rxb4 Qxb4 35. Nc6+ Kc7 36. Nxb4 Ng4 37. Qe4 Nf6 38. Qb7+ 1-0